Generation V Pokémon (Unova) - Statistics

General Stats
  • This quiz has been taken 2,284 times
  • The average score is 100 of 156
Answer Stats
Hint Answer % Correct
495 Grass Snivy
97%
498 Fire Tepig
96%
500 Fire/Fighting Emboar
95%
501 Water Oshawott
95%
497 Grass Serperior
94%
494 Fire/Psychic Victini
94%
503 Water Samurott
93%
502 Water Dewott
92%
496 Grass Servine
92%
499 Fire/Fighting Pignite
90%
511 Grass Pansage
84%
519 Normal/Flying Pidove
84%
515 Water Panpour
83%
513 Fire Pansear
83%
504 Normal Patrat
83%
505 Normal Watchog
83%
516 Water Simipour
82%
512 Grass Simisage
82%
514 Fire Simisear
82%
644 Dragon/Electric Zekrom
82%
643 Dragon/Fire Reshiram
81%
521 Normal/Flying Unfezant
80%
506 Normal Lillipup
79%
507 Normal Herdier
78%
508 Normal Stoutland
78%
520 Normal/Flying Tranquill
76%
539 Fighting Sawk
75%
510 Dark Liepard
74%
509 Dark Purrloin
74%
524 Rock Roggenrola
74%
523 Electric Zebstrika
74%
646 Dragon/Ice Kyurem
73%
542 Bug/Grass Leavanny
73%
607 Ghost/Fire Litwick
73%
517 Psychic Munna
73%
538 Fighting Throh
73%
525 Rock Boldore
72%
526 Rock Gigalith
72%
518 Psychic Musharna
72%
551 Ground/Dark Sandile
72%
609 Ghost/Fire Chandelure
71%
587 Electric/Flying Emolga
71%
532 Fighting Timburr
70%
610 Dragon Axew
69%
522 Electric Blitzle
69%
638 Steel/Fighting Cobalion
69%
534 Fighting Conkeldurr
69%
633 Dark/Dragon Deino
69%
530 Ground/Steel Excadrill
69%
555 Fire(/Psychic) Darmanitan
68%
529 Ground Drilbur
68%
533 Fighting Gurdurr
68%
635 Dark/Dragon Hydreigon
68%
553 Ground/Dark Krookodile
68%
545 Bug/Poison Scolipede
68%
639 Rock/Fighting Terrakion
68%
535 Water Tympole
68%
543 Bug/Poison Venipede
68%
640 Grass/Fighting Virizion
68%
544 Bug/Poison Whirlipede
68%
554 Fire Darumaka
67%
649 Bug/Steel Genesect
67%
552 Ground/Dark Krokorok
67%
608 Ghost/Fire Lampent
67%
540 Bug/Grass Sewaddle
67%
612 Dragon Haxorus
66%
647 Water/Fighting Keldeo
66%
536 Water/Ground Palpitoad
66%
537 Water/Ground Seismitoad
66%
637 Bug/Fire Volcarona
66%
645 Ground/Flying Landorus
65%
541 Bug/Grass Swadloon
64%
528 Psychic/Flying Swoobat
64%
584 Ice Vanilluxe
64%
527 Psychic/Flying Woobat
64%
546 Grass/Fairy Cottonee
63%
641 Flying Tornadus
63%
582 Ice Vanillite
63%
634 Dark/Dragon Zweilous
63%
567 Rock/Flying Archeops
62%
574 Psychic Gothita
62%
595 Bug/Electric Joltik
62%
648 Normal/Psychic(/Fighting) Meloetta
62%
642 Electric/Flying Thundurus
62%
547 Grass/Fairy Whimsicott
62%
558 Bug/Rock Crustle
61%
576 Psychic Gothitelle
61%
636 Bug/Fire Larvesta
61%
581 Water/Flying Swanna
61%
583 Ice Vanillish
61%
562 Ghost Yamask
61%
580 Water/Flying Ducklett
60%
557 Bug/Rock Dwebble
60%
611 Dragon Fraxure
60%
596 Bug/Electric Galvantula
60%
599 Steel Klink
60%
559 Dark/Fighting Scraggy
60%
621 Dragon Druddigon
59%
578 Psychic Duosion
59%
632 Bug/Steel Durant
59%
593 Water/Ghost Jellicent
59%
577 Psychic Solosis
59%
566 Rock/Flying Archen
58%
614 Ice Beartic
58%
600 Steel Klang
58%
601 Steel Klinklang
58%
549 Grass Lilligant
58%
560 Dark/Fighting Scrafty
58%
561 Psychic/Flying Sigilyph
58%
625 Dark/Steel Bisharp
57%
613 Ice Cubchoo
57%
592 Water/Ghost Frillish
57%
548 Grass Petilil
57%
563 Ghost Cofagrigus
56%
597 Grass/Steel Ferroseed
56%
598 Grass/Steel Ferrothorn
56%
631 Fire Heatmor
56%
579 Psychic Reuniclus
56%
623 Ground/Ghost Golurk
55%
575 Psychic Gothorita
55%
618 Ground/Electric Stunfisk
55%
602 Electric Tynamo
55%
565 Water/Rock Carracosta
54%
615 Ice Cryogonal
54%
622 Ground/Ghost Golett
54%
531 Normal Audino
53%
628 Normal/Flying Braviary
53%
624 Dark/Steel Pawniard
53%
550 Water Basculin
52%
585 Normal/Grass Deerling
52%
604 Electric Eelektross
52%
627 Normal/Flying Rufflet
51%
586 Normal/Grass Sawsbuck
51%
564 Water/Rock Tirtouga
51%
568 Poison Trubbish
51%
630 Dark/Flying Mandibuzz
50%
569 Poison Garbodor
49%
588 Bug Karrablast
49%
570 Dark Zorua
49%
571 Dark Zoroark
48%
629 Dark/Flying Vullaby
47%
603 Electric Eelektrik
46%
589 Bug/Steel Escavalier
46%
556 Grass Maractus
46%
619 Fighting Mienfoo
45%
616 Bug Shelmet
45%
617 Bug Accelgor
44%
620 Fighting Mienshao
44%
590 Grass/Poison Foongus
37%
572 Normal Minccino
36%
591 Grass/Poison Amoonguss
35%
573 Normal Cinccino
35%
605 Psychic Elgyem
34%
594 Water Alomomola
31%
606 Psychic Beheeyem
31%
626 Normal Bouffalant
28%
No matching quizzes found
Score Distribution
Percent of People with Each Score
Percentile by Number Answered
Your Score History
You have not taken this quiz